{"text_format":"3","workbook":"xlsx","n_sheets":2,"sheets":["Sheet2","Sheet3"],"read":"whole","date_system":"1900"}

{"sheet":"Sheet2","index":0,"n_rows":22,"n_cols":9,"rows_kept":22,"merged":[[16,0,17,0],[16,1,17,1],[16,2,17,2],[16,3,17,3],[16,4,17,4],[16,5,17,5],[16,6,17,6],[16,7,17,7],[18,0,20,0],[18,1,20,1],[18,2,20,2],[18,3,20,3],[18,4,20,4],[18,5,20,5],[18,6,20,6],[18,7,20,7],[19,8,20,8],[21,1,21,5]]}
["序号","货物名称","品牌","规格型号","数量","单位","价格","合计","技术参数"]
[1,"利器盒（核心产品）","京康赛诺","15L",15720,"个",13,{"$f":"E2*G2","v":204360},"厚度约0.15厘米（≧原值0.01cm），重量350克（≧原值0.1g），材质：聚炳烯。28cm*26cm"]
[2,"利器盒","京康赛诺","15L方",800,"个",15,12000,"厚度约0.15厘米（≧原值0.01cm），重量490克（≧原值0.1g），材质：聚炳烯。30.5cm*21.5cm*30cm"]
[3,"利器盒","京康赛诺","6L",13800,"个",5.7,78660,"厚度约0.15厘米（≧原值0.01cm），重量190克（≧原值0.1g），材质：聚炳烯。20cm*21.5cm"]
[4,"利器盒","京康赛诺","5L方",5940,"个",6,35640,"厚度约0.15厘米（≧原值0.01cm），重量210克（≧原值0.1g），材质：聚炳烯。25cm*20cm*15cm"]
[5,"利器盒","京康赛诺","2L",9150,"个",2.2,20130,"厚度约0.15厘米（≧原值0.01cm），重量80克（≧原值0.1g），材质：聚炳烯。13.5cm*15cm"]
[6,"医疗垃圾桶","京康赛诺","6L摇盖",1,"个",13,13,"厚度约0.2厘米（≧原值0.01cm），重量300克（≧原值0.1g），材质：聚炳烯。125cm*20cm*18cm"]
[7,"利器盒","京康赛诺","1L",1440,"个",1.7,{"$f":"E8*G8","v":2448},"厚度约0.15厘米（≧原值0.01cm），重量56克（≧原值0.1g），材质：聚炳烯。11.5cm*12.5cm"]
[8,"垃圾桶","京康赛诺","240L黄",1,"个",190,190,"厚度约1厘米（≧原值0.01cm），重量11千克（≧原值0.1g），材质：聚炳烯。73.8cm*59.5cm*110cm（带轮周转桶可装侧脚踏）"]
[9,"垃圾桶","京康赛诺","240L灰",1,"个",190,190,"厚度约1厘米（≧原值0.01cm），重量11千克（≧原值0.1g），材质：聚炳烯。73.8cm*59.5cm*110cm（带轮周转桶可装侧脚踏）"]
[10,"垃圾桶","京康赛诺","120L黄",1,"个",140,140,"厚度约1厘米（≧原值0.01cm），重量8.5千克（≧原值0.1g），材质：聚炳烯。54cm*49cm*95cm（带轮周转桶可装侧脚踏）"]
[11,"垃圾桶","京康赛诺","120L灰",1,"个",140,140,"厚度约1厘米（≧原值0.01cm），重量8.5千克（≧原值0.1g），材质：聚炳烯。54cm*49cm*95cm（带轮周转桶可装侧脚踏）"]
[12,"垃圾桶","京康赛诺","50L黄",1,"个",60,60,"厚度约 0.5厘米（≧原值0.01cm），重量2.8千克（≧原值0.1g），材质：聚炳烯。48cm*42cm*63cm（带轮周转桶）"]
[13,"垃圾桶","京康赛诺","50L灰",1,"个",60,60,"厚度约 0.5厘米（≧原值0.01cm），重量2.8千克（≧原值0.1g），材质：聚炳烯。48cm*42cm*63cm（带轮周转桶）"]
[14,"垃圾桶","京康赛诺","30L黄",1,"个",55,55,"厚度约 0.5厘米（≧原值0.01cm），重量2千克（≧原值0.1g），材质：聚炳烯。36cm*32cm*48cm（脚踏"]
[15,"垃圾桶","京康赛诺","30L灰",1,"个",55,55,"厚度约 0.5厘米（≧原值0.01cm），重量2千克（≧原值0.1g），材质：聚炳烯。36cm*32cm*48cm（脚踏"]
[16,"紫外线杀菌灯","天长康达","40W",20,"支",50,{"$f":"E17*G17","v":1000},"灯管长 1199mm。材质：石英玻璃管，紫外线透过率≥85%，抗冷热膨胀，抗老化，易清洗，不导电。 灯管寿命≥8000 小时。紫外线强"]
[{"$nulls":8},"度≥117uw/cm²"]
[17,"紫外线杀菌灯","天长康达","30W",22,"支",48,{"$f":"E19*G19","v":1056},"灯管长 894mm。材质：石英玻璃管，紫外线透过率≥85%，抗冷热膨胀， 抗老化，易清洗，不导电。灯管寿"]
[{"$nulls":8},"命≥8000 小时。紫外线强度≥ 107uw/cm"]
[]
["合计",{"$nulls":6},{"$f":"SUM(H2:H21)","v":356197}]

{"sheet":"Sheet3","index":1,"n_rows":0,"n_cols":0,"rows_kept":0}